000 00437nam a2200157Ia 4500
008 241228s9999 xx 000 0 und d
020 _a9781032130828 | 9781032130866
082 _a006.31 PAT/M
100 _aPatel, Govind Singh
245 0 _aMachine learning, deep learning, big data, and internet of things for healthcare
260 _aBoca Raton,
260 _bCRC Press,
260 _c2023
300 _axv, 170p.
942 _cBK
999 _c40108
_d40108